Growing Cymbidium Orchids (Record no. 7947)

MARC details
000 -CABECERA
campo de control de longitud fija 00668nam a2200229 a 4500
001 - NÚMERO DE CONTROL
campo de control BRCA_8279
005 - FECHA Y HORA DE LA ÚLTIMA TRANSACCIÓN
campo de control 20190320210217.0
008 - DATOS DE LONGITUD FIJA--INFORMACIÓN GENERAL
campo de control de longitud fija 110614s1952----u--a###f##---#000-0#eng-#
041 ## - CÓDIGO DE LENGUA
Código de lengua del texto/banda sonora o título independiente eng
044 ## - CÓDIGO DEL PAÍS DE LA ENTIDAD EDITORA/PRODUCTORA
Código MARC del país u
050 #4 - SIGNATURA TOPOGRÁFICA DE LA BIBLIOTECA DEL CONGRESO
Número de clasificación SB409
Número de documento/Ítem .B6 1952
100 1# - ENTRADA PRINCIPAL--NOMBRE DE PERSONA
Nombre de persona Boyle, Louis M.
9 (RLIN) 20679
245 10 - MENCIÓN DE TÍTULO
Título Growing Cymbidium Orchids
Resto del título and other flowers
Mención de responsabilidad, etc. Louis M. Boyle
260 ## - PUBLICACIÓN, DISTRIBUCIÓN, ETC.
Lugar de publicación, distribución, etc. Estados Unidos de América
Nombre del editor, distribuidor, etc. Times-Mirror
Fecha de publicación, distribución, etc. 1952
300 ## - DESCRIPCIÓN FÍSICA
Extensión 526 p.
Otras características físicas il. (algunas a color)
Dimensiones 25 cm.
440 #0 - MENCIÓN DE SERIE/PUNTO DE ACCESO ADICIONAL--TÍTULO
Título Out West: The Story of El Rancho Rinconada
9 (RLIN) 20680
500 ## - NOTA GENERAL
Nota general S63
650 14 - PUNTO DE ACCESO ADICIONAL DE MATERIA--TÉRMINO DE MATERIA
Término de materia o nombre geográfico como elemento de entrada Orquídeas
Subdivisión de forma Cultivo
9 (RLIN) 20681
650 14 - PUNTO DE ACCESO ADICIONAL DE MATERIA--TÉRMINO DE MATERIA
Término de materia o nombre geográfico como elemento de entrada Floricultura
9 (RLIN) 20280
902 ## - CATALOGADOR
Iniciales GFM
942 ## - ELEMENTOS DE PUNTO DE ACCESO ADICIONAL (KOHA)
Fuente del sistema de clasificación o colocación Library of Congress Classification
Tipo de ítem Koha Libros
Holdings
Estado de retiro Estado de pérdida Estado dañado No para préstamo Localización permanente Ubicación/localización actual Fecha de adquisición Número de inventario Total de préstamos Signatura topográfica completa Código de barras Fecha visto por última vez Precio válido a partir de Tipo de ítem Koha
El ejemplar forma parte de la colección y puede ser consultado según las políticas vigentes.       Biblioteca del Museo Franz Mayer (Rogerio Casas-Alatriste) Biblioteca del Museo Franz Mayer (Rogerio Casas-Alatriste) 11/06/2014 S63   SB409 .B6 1952 (S63) 8903 22/03/2019 22/03/2019 Libros